Гигроскопичность многокомпонентных смесей сахаров

গ্রন্থ-পঞ্জীর বিবরন
প্রধান লেখক: Терещенко А. Г. Анатолий Георгиевич
সংস্থা লেখক: Национальный исследовательский Томский политехнический университет (570)
সংক্ষিপ্ত:Деп. в ВИНИТИ 07.07.2025, № 19-В2025
На правах рукописи
ভাষা:রুশ
প্রকাশিত: Томск, 2025
বিষয়গুলি:
অনলাইন ব্যবহার করুন:https://earchive.tpu.ru/handle/11683/133746
বিন্যাস: বৈদ্যুতিক গ্রন্থ
KOHA link:https://koha.lib.tpu.ru/cgi-bin/koha/opac-detail.pl?biblionumber=684160

MARC

LEADER 00000nam0a2200000 4500
001 684160
005 20251229112719.0
029 0 0 |b 19-В202  |c Депонированная рукопись  |f ВИНИТИ 
090 |a 684160 
100 |a 20251229j20250707k||y0rusy50 ca 
101 0 |a rus 
102 |a RU 
105 |a y z 001yy 
135 |a drcn ---uucaa 
181 0 |a i   |b  e  
182 0 |a b 
183 0 |a cr  |2 RDAcarrier 
200 1 |a Гигроскопичность многокомпонентных смесей сахаров  |f Терещенко А. Г.  |g Национальный исследовательский Томский политехнический университет 
203 |a Текст  |b визуальный  |c электронный 
210 1 |a Томск  |d 2025 
215 |a 1 файл (360 Кб, 14 с.)  |c pdf 
283 |a online_resource  |2 RDAcarrier 
300 |a Деп. в ВИНИТИ 07.07.2025, № 19-В2025 
320 |a Литература: 29 назв 
333 |a На правах рукописи 
606 |a Сахара  |x Химия  |9 89098 
610 1 |a гигроскопичность 
610 1 |a смесь сахаров 
610 1 |a глюкоза 
610 1 |a сахароза 
610 1 |a мальтоза 
610 1 |a фруктоза 
610 1 |a формула Росса 
610 1 |a депонированные рукописи 
610 1 |a электронный ресурс 
675 |a 547.47  |v 4 
700 1 |a Терещенко  |b А. Г.  |c химик-технолог  |c заведующий лабораторией Томского политехнического университета, кандидат технических наук  |f 1946-  |g Анатолий Георгиевич  |9 11303 
712 0 2 |a Национальный исследовательский Томский политехнический университет  |c (2009- )  |9 26305  |4 570 
801 0 |a RU  |b 63413507  |c 20251226 
850 |a 63413507 
856 |u https://earchive.tpu.ru/handle/11683/133746  |z https://earchive.tpu.ru/handle/11683/133746 
942 |c CF